000 00475nam a2200181Ia 4500
005 20250317131135.0
008 008 250317s9999 xx 000 0 eng d
037 _aTextbook
040 _aFMSL
_beng
_cFMSL
041 _aeng
_2eng
084 _qFMSL
100 _aDrucker P F
_9735093
245 0 _aPreparing Tomorrows business leaders
260 _aD.B
_bD.B, Taraporevala
_c1977
300 _a303p
942 _cTB
999 _c1266850
_d1266850